000 00317nam a2200109Ia 4500
008 160609s9999 xx 000 0 und d
100 _aSalomon, Eve.
245 _aGuidelines for broadcasting regulation
245 _cEve Salomon
260 _c2008
856 _uhttp://unesdoc.unesco.org/images/0018/001832/183285e.pdf
999 _c295698
_d295698